| 000 -LEADER |
| fixed length control field |
00374pab a2200145 454500 |
| 008 - FIXED-LENGTH DATA ELEMENTS--GENERAL INFORMATION |
| fixed length control field |
180718b xxu||||| |||| 00| 0 eng d |
| 100 ## - MAIN ENTRY--PERSONAL NAME |
| Personal name |
Quercia, Roberto G |
| 245 ## - TITLE STATEMENT |
| Title |
Housing adjustments among older home owners |
| 650 ## - SUBJECT ADDED ENTRY--TOPICAL TERM |
| Topical term or geographic name entry element |
Shecter |
| 650 ## - SUBJECT ADDED ENTRY--TOPICAL TERM |
| Topical term or geographic name entry element |
Housing |
| 650 ## - SUBJECT ADDED ENTRY--TOPICAL TERM |
| Topical term or geographic name entry element |
Home Ownership |
| 700 ## - ADDED ENTRY--PERSONAL NAME |
| Personal name |
Rohe, William M. |
| 773 ## - HOST ITEM ENTRY |
| Main entry heading |
Urban Affairs Quarterly |
| 909 ## - |
| -- |
23036 |